000
00258nam a2200097Ia 4500
082
_a
EJF|TRIM
245
0
_a
Bolt : the book of the film
100
_a
Trimble, Irene Bath, 2009
_9
65638
942
_c
BK
008
210817s9999 xx 000 0 und d
999
_c
209868
_d
209867